000 00455nam a2200181Ia 4500
008 151202s9999||||xx |||||||||||||| ||und||
082 _bPNVM-796
100 _aHARKNESS (N. ).
245 _aTABLE TOP PHOTOGRAPHY.
260 _b"NARCOURT & CO. , NEWYORK."
260 _c0
300 _a0
600 _aHARKNESS (N. ).
630 _aTABLE TOP PHOTOGRAPHY.
700 _aHARKNESS (N. ).
730 _aTABLE TOP PHOTOGRAPHY.
942 _cBOOK
999 _c1266794
_d1266791